The effective executive

Na minha lista:
Detalhes bibliográficos
Autor principal: Drucker, Peter F.
Formato: Livro
Idioma:inglês
Publicado em: Oxford Elsevier Butterworth-Heinemann 2007
Colecção:The classic Drucker collection
Assuntos:
Tags: Adicionar Tag
Sem tags, seja o primeiro a adicionar uma tag!

MARC

LEADER 00000nam$a2200000$$$4500
001 0066211
005 20240312120037.1
020 |a 978-0-7506-8507-8 
041 0 |a eng 
044 |a GB 
245 1 0 |a The effective executive  |c Peter F. Drucker 
264 1 |a Oxford  |b Elsevier Butterworth-Heinemann  |c 2007 
300 |a 167 s. 
490 1 |a The classic Drucker collection 
830 0 |a The classic Drucker collection 
610 2 0 |a pracovníci riadiaci 
610 2 0 |a efektívnosť práce 
610 2 0 |a rozhodovanie 
610 2 0 |a manažéri 
610 2 0 |a práca riadiaca 
100 1 |a Drucker, Peter F.